| 000 | 01260cam a22003255a 4500 | ||
|---|---|---|---|
| 001 | 015860035 | ||
| 003 | EG-ScBUE | ||
| 005 | 20220208121027.0 | ||
| 008 | 110801s2011 enkb f 000 1 eng d | ||
| 020 | _a9780440869733 (pbk.) | ||
| 040 |
_aStDuBDS _beng _erda _cStDuBDS _dUk _dEG-ScBUE |
||
| 082 | 0 | 4 |
_a823.92 _bFLA _222 |
| 100 | 1 |
_aFlanagan, John _q(John Anthony) _eauthor. _940143 |
|
| 245 | 1 | 0 |
_aErak's ransom / _cJohn Flanagan. |
| 264 | 1 |
_aLondon : _bCorgi Yearling, _c2011. |
|
| 300 |
_a[449] pages : _bmaps ; _c20 cm. |
||
| 336 |
_2rdacontent _atext _btxt |
||
| 337 |
_2rdamedia _aunmediated _bn |
||
| 338 |
_2rdacarrier _avolume _bnc |
||
| 490 | 0 |
_aRanger's apprentice ; _v7 |
|
| 500 | _aOriginally published: Australia: Random House, 2007. | ||
| 520 | _aIn the wake of Araluen's uneasy truce with the raiding Skandians comes word that the Skandian leader has been captured by a dangerous desert tribe. The Rangers - and Will - are sent to free him. But the desert is like nothing these warriors have seen before. | ||
| 650 | 7 |
_aWar stories. _2BUEsh _940166 |
|
| 650 | 7 |
_aDeserts. _2BUEsh _940170 |
|
| 650 | 7 |
_aHeroes _vFiction. _2BUEsh _940147 |
|
| 651 | _2BUEsh | ||
| 653 |
_cJune2016 _bHHUUEENN |
||
| 655 |
_vReading book _934232 |
||
| 942 |
_2ddc _cBB |
||
| 999 |
_c21879 _d21851 |
||